000 00414nam a2200169Ia 4500
008 170705s9999 xx 000 0 und d
020 _a439314143
245 _aI'll always love you /
245 _cPaeony Lewis ; illustrated by Penny Ives.
260 _aNew York :
260 _bScholastic,
260 _c2000
300 _aunpaged :
300 _bcolor illustration ;
300 _c23cm.
500 _a240
999 _c335408
_d335408